000 01567nam a2200349 c 4500
999 _c197110
_d197110
003 BLK
005 20210830144010.0
008 180411b bul|||||r ||||||| ||bul||
010 _aKNG00206386000
020 _a9786191642335
040 _aBLK
041 _aBUL
_cBUL
072 7 _2bullib
_aН84
_xБългарска художествена литература Н
080 _aБългарска литература
_b821.163.2
_x(081.1)
_z821.163.2(081.1)
080 _aБългарска литература
_b821.163.2
_x-312.9
_z821.163.2-312.9
100 1 _aДилов, Любен
_eпърви автор
_gИванов, Любен Дилов
_9363486
139 _aДилов, Любен
_bД 55
245 1 0 _aСъбрани съчинения
_bТ. 1 -
_cЛюбен Дилов; * Любен Иванов Любенов.
_nТ. 3
_pТежестта на скафандъра
257 _aBGR
260 _c2016 -
300 _c21 см
380 _aX
505 _tДа избереш себе си
659 _aН
700 1 _aЛюбенов, Любен Иванов
_e*
_9371102
760 1 _aДилов, Любен
_dEnthusiast, 2016
_h480 с.
_nБиогр. данни за авт. отбелязани на гърба на кор.
_tТ. 3 Тежестта на скафандъра
852 _aЦб 285544
856 4 _qpdf
856 4 _qpdf
942 _cKNG
_n0
_s1
_01
944 _aCR
_c17.05.2017
_kВиолета_Тройчева
944 _aED
_c18.05.2017
_kСимона_Петрова
999 _d197110